Las tendencias actuales de la filosofía alemana: E. Husserl, M. Scheler, E. Lask, N. Hartmann, M. Heidegger
Gardado en:
| Autor Principal: | |
|---|---|
| Formato: | Libro |
| Idioma: | Lingua castelá |
| Publicado: |
Buenos Aires
Losada
1944
|
| Edición: | 2a. ed |
| Series: | Biblioteca contemporánea, 53
|
| Subjects: | |
| Tags: |
Engadir etiqueta
Sen Etiquetas, Sexa o primeiro en etiquetar este rexistro!
|
MARC
| LEADER | 00000nam a2200000 a 4500 | ||
|---|---|---|---|
| 001 | UCY5740 | ||
| 003 | CL-VaPUC | ||
| 005 | 20240820103255.0 | ||
| 008 | 950512e19440519AG |||||||||||||||||spa|d | ||
| 999 | |c 233362 |d 233360 | ||
| 040 | |c Pontificia Universidad Católica de Valparaíso | ||
| 082 | 0 | 4 | |a 193 |b GUR |2 21 |
| 100 | |a Gurvitch, Georges |e author |9 519133 | ||
| 245 | 1 | 4 | |a Las tendencias actuales de la filosofía alemana: E. Husserl, M. Scheler, E. Lask, N. Hartmann, M. Heidegger |
| 250 | |a 2a. ed | ||
| 260 | |a Buenos Aires |b Losada |c 1944 | ||
| 300 | |a 264 p | ||
| 490 | 0 | |a Biblioteca contemporánea, 53 | |
| 583 | |a last modification |c 19950512 00:00:00 |k Rodrigo Vera | ||
| 600 | 0 | 7 | |a SCHELER, MAX |2 CL-VaPUC |9 311258 |
| 600 | 0 | 7 | |a Husserl, Edmund |d 1859-1938 |9 575718 |
| 600 | 0 | 7 | |a Lask, Emil |d 1875-1915 |9 859982 |
| 600 | 0 | 7 | |a HARTMANN, NIKOLAI |2 CL-VaPUC |9 321425 |
| 650 | 0 | |a Filosofía |9 223554 | |
| 650 | 0 | |a Fenomenología |9 256519 | |
| 650 | 0 | |a Ética |9 255099 | |
| 651 | 0 | |a Alemania |9 255688 | |
| 852 | |a BIBCUR | ||
| 942 | |c BK |2 ddc | ||
| 945 | |d 19950512 00:00:00 |a cmena | ||
| 952 | |0 0 |1 0 |4 0 |6 193_000000000000000_GUR_1944 |7 0 |8 P |9 238833 |a BIBEDU |b BIBEDU |c BIBEDU_PB |d 2019-11-18 |i 1502352 |o 193 GUR 1944 |p 1502352 |r 2024-01-25 |w 2019-11-18 |y BK |k EDU | ||
| 952 | |0 0 |1 0 |4 0 |6 193_000000000000000_GUR_1944 |7 0 |8 P |9 238834 |a BIBEDU |b BIBEDU |c BIBEDU_PB |d 2019-11-18 |i 3132765 |o 193 GUR 1944 |p 3132765 |r 2024-01-25 |w 2019-11-18 |y BK |k FIL | ||
| 952 | |0 0 |1 0 |4 0 |6 193_000000000000000_GUR_1944 |7 0 |8 P |9 238835 |a BIBEDU |b BIBEDU |c BIBEDU_PB |d 2019-11-18 |i 1580779 |o 193 GUR 1944 |p 1580779 |r 2024-01-25 |w 2019-11-18 |y BK |k FIL | ||